Guarda in faccia la violenza

Bewaard in:
Bibliografische gegevens
Coauteur: Arcilesbica
Formaat: Boek
Taal:Engels
Gepubliceerd in: Arcilesbica
Tags: Voeg label toe
Geen labels, Wees de eerste die dit record labelt!

MARC

LEADER 00000nam a2200000 4500
005 20240605183410.0
008 240605b |||||||| |||| 00| 0 eng d
040 |c GP 
110 |a Arcilesbica 
245 |a Guarda in faccia la violenza 
260 |b Arcilesbica 
942 |2 ddc  |c BK  |n 0 
952 |0 0  |1 0  |2 ddc  |4 0  |6 371_580000000000000_ARC  |7 1  |9 1363  |a RM  |b RM  |d 2024-06-05  |l 0  |o 371.58 ARC  |p 196  |r 2024-06-05 18:34:27  |w 2024-06-05  |y BK 
999 |c 1253  |d 1253